000 00455nam a22001817a 4500
003 CEME
005 20210628203411.0
008 210118b xxu||||| |||| 00| 0 eng d
020 _a0-02-823048-5
040 _cceme
082 _a330 CLA
100 _aClayton, Gary.E
_965213
245 _aEconomics, principles and practices
260 _aNEW YORK
_bGLENCO, MCGRAW HILL
_c1995
300 _aXIV,626P
650 _aECONOMICS
_91437
942 _cBK
_2ddc
999 _c573494
_d573494